00848nam a2200205 a 450000100100000000500170001000800410002704000250006804100080009308200210010110000180012224501360014026000610027630000210033750000690035850400310042765000620045865100850052070000370060500002248620200930021633.0101012s1999 xxu 000 0 spa d aDO-SdBNPbspacBNPHU172eng a016.30482bA644d1 aAponte, Sarah10aDominican migration to the United states 1970-1997 :ban annotated bibliography /cSarah Aponte ; prólogo Silvio Torres Saillant. aNew York :bThe Cuny Dominican Studies Institute,c1999. a178 p. ;c22 cm. aIncluye referencias bibliográficas y notas al pie de páginas aBibliografías p. 119-145 4aDominicanos en estados unidosy1970-1997xBibliografías 4aRepública DominicanaxEmigración E Inmigracióny1970-1997xBibliografías12aTorres Saillent, Silvioepról.